000 00669nam a2200253 i 4500
001 C2-0088724
003 PPAK
005 20180727091546.0
008 970510s1992 nyu |||| ||||| | eng d
020 _a0671866974
040 _aPPAK
_beng
_cPPAK
_erda
082 0 4 _a813.54
_223
090 0 0 _a813.54
_bSKI
_dG
090 0 0 _a813.54
_bSKI
_dK
100 1 _aSkinner, David,
_eauthor
245 1 0 _aYou must kiss a whale
264 1 _aNew York :
_bSimon & Schuster ,
_c1992
300 _a94 pages ;
_c21 cm
336 _2rdacontent
_atext
337 _2rdamedia
_aunmediated
338 _2rdacarrier
_avolume
650 1 0 _aParent and child - Fiction
942 _ddc
_cB
999 _c18352
_d18352